00658 2200229 4500001002100000005001700021008004100038020002200079035002500101082000800126090001800134100001700152245010000169250001100269260003000280300002300310650002000333700001700353700002400370850001200394990002200406YOGYA-0513000000008720150427124709.0 ind  a978-602-8811-88-0 a0010-051300000000087 a813 aDEP 813 Coh M aCOHEN, Tamah aThe mistresss revengel /cTamar Cohen; penerjemah, Hari Mulyana; penyunting, Ambhita Dyaningrum aCet. 1 aYogyakartabBentangc2012 a381 hlm. ;c21 cm. aFiksi Indonesia aHari Mulyana aAmbhita Dhyaningrum aYOPDYOG aCB-D.11-2012-1614